|
|
|
|
| LEADER |
01722nam a2200349 a 4500 |
| 001 |
GR-MES1303 |
| 008 |
991111s1988 gr 000 0 gre d |
| 040 |
|
|
|a GrPaTEI
|b gre
|c GR-PaULI
|
| 245 |
0 |
2 |
|a Η εξέλιξη του δικαίου της βιομηχανικής ιδιοκτησίας
|n 14ος.
|
| 260 |
|
|
|a Αθήνα :
|b Σάκκουλας,
|c 1988
|
| 300 |
|
|
|a 186σελ.
|
| 490 |
1 |
|
|a Μελέτες εμπορικού και ναυτικού δικαίου
|
| 650 |
|
4 |
|a Βιομηχανική ιδιοκτησία
|
| 650 |
|
4 |
|a Δίκαιο
|
| 650 |
|
4 |
|a Εμπορικό Δίκαιο
|
| 650 |
|
4 |
|a ΕΥΡΩΠΑΙΚΗ ΚΟΙΝΟΤΗΤΑ
|
| 650 |
|
4 |
|a ΚΑΤΑΝΑΛΩΤΗΣ
|
| 700 |
1 |
|
|a Beier, F.
|
| 700 |
1 |
|
|a Schricker, G.
|
| 700 |
1 |
|
|a Αργυριάδης, Α.
|
| 700 |
1 |
|
|a Γεωργακόπουλος, Λ.
|
| 700 |
1 |
|
|a Μηνούδης, Μ.
|
| 700 |
1 |
|
|a Οικονομίδης, Δ.
|
| 700 |
1 |
|
|a Ρόκας, Ν.
|
| 700 |
1 |
|
|a Σινανιώτη, Α.
|
| 700 |
1 |
|
|a Σχινάς, Ι.
|
| 830 |
|
0 |
|1 0015528
|1 2001
|a πατέρα...καλέ μου...πατέα σε δυο πράξεις.Καφενείον ''οι κουβέντες'' μονόπρακτο (Παναγόπουλος Μάνος)
|
| 942 |
|
|
|2 ddc
|
| 952 |
|
|
|0 0
|1 0
|2 ddc
|4 0
|6 346_043000000000000_ΑΡΓ
|7 0
|9 265356
|a MSLG
|b MSLG
|c BSC
|d 2021-01-17
|e 24
|f 0
|g 0.00
|l 0
|o 346.043 ΑΡΓ
|p 2420000001177
|r 2021-01-17 00:00:00
|t 1
|w 2021-01-17
|y BK15
|x 19991111 0 1
|x GrPaTEI
|
| 952 |
|
|
|0 0
|1 0
|2 ddc
|4 0
|6 346_043000000000000_ΑΡΓ
|7 0
|9 265357
|a MSLG
|b MSLG
|c BSC
|d 2021-01-17
|e 24
|f 0
|g 0.00
|l 0
|o 346.043 ΑΡΓ
|p 2420000009912
|r 2021-01-17 00:00:00
|t 1
|w 2021-01-17
|y BK15
|x 19991111 0 1
|x GrPaTEI
|
| 971 |
|
|
|a .b25723455
|b 16-04-20
|c 13-09-16
|
| 999 |
|
|
|c 152563
|d 152563
|